Countries with the Lowest Population Density A-Z - Statistics

General Stats
  • This quiz has been taken 114 times
  • The average score is 19 of 24
Answer Stats
Density Country % Correct
O 14 Oman
98%
M 1.9 Mongolia
97%
Y 64 Yemen
97%
Z 22 Zambia
93%
K 7 Kazakhstan
91%
Q 233 Qatar
91%
R 9 Russia
91%
J 115 Jordan
87%
A 3 Australia
85%
C 4 Canada
85%
V 25 Vanuatu
80%
U 17 Uruguay
79%
H 80 Honduras
78%
F 16 Finland
77%
N 2.9 Namibia
77%
I 3.4 Iceland
76%
T 12 Turkmenistan
76%
D 36 Democratic Republic of the Congo
74%
L 4 Libya
72%
G 4 Guyana
66%
B 3.5 Botswana
64%
E 29 Estonia
64%
S 3.5 Suriname
58%
P 17 Paraguay
53%
No matching quizzes found
Score Distribution
Percent of People with Each Score
Percentile by Number Answered
Your Score History
You have not taken this quiz